Educational administration, supervision, and school management /
Guardado en:
| Autor principal: | |
|---|---|
| Formato: | Libro |
| Publicado: |
New Delhi :
Deep & Deep Publications,
c1990.
|
| Materias: | |
| Etiquetas: |
Agregar Etiqueta
Sin Etiquetas, Sea el primero en etiquetar este registro!
|
MARC
| LEADER | 00000cam a2200000 a 4500 | ||
|---|---|---|---|
| 020 | |a 8171002218 : |c TZS 12800/= | ||
| 040 | |a MUL |b eng |e AACR | ||
| 082 | 0 | 0 | |a 379.68 |
| 100 | 1 | |a Mahānti, Jagannātha. | |
| 245 | 1 | 0 | |a Educational administration, supervision, and school management / |c Jagannath Mohanty. |
| 260 | |a New Delhi : |b Deep & Deep Publications, |c c1990. | ||
| 300 | |a xvii, 335 p. ; |c 22 cm. | ||
| 500 | |a With reference to India. | ||
| 504 | |a Includes bibliographical references (p. [323]-329) | ||
| 650 | 0 | |a School management and organization |z India. | |
| 650 | 0 | |a Education and state |z India. | |
| 942 | |c BK | ||
| 999 | |c 2565 |d 2565 | ||